1481 1410 1534 1342 1098 1097 1106 1695 1005 1921 1006 1067 1610 1850 1091 1244 1209 1907 1828 1640 1742 1405 1828 1603 1049 1615 1129 1136 1837 1138 1558 1501 1037 1509 1656 1791 1887 1246 1295 1548 1374 1401 1846 1243 1523 1611 1765 1848 1520 1668 1507 1574 1654 1108 1670 1294 1819 1548 1232 1346 1172 1836 1069 1740 1041 1765 1865 1942 1158 1468 1705 1873 1456 1187 1211 1444 1490 1321 1964 1149 1467 1553 1252 1851 1544 1239 1080 1773 1533 1225 1493 1129 1949 1543 1511 1918 1606 1310 1965 BCNSPRNW ULIB Ver.6.0+V

เปลี่ยนเป็นภาษาไทย

Change to English
 แสดงรายละเอียดบรรณานุกรม
  กลับหน้าหลัก

Brief Record : Get Marc (ISO 2709) : E-mail record : QR code < ปิดหน้าต่าง
LEADER : 00000nam 2200000uu 4500
001    13399128765
003     ULIB
008    240828s2566||||th 000 0 tha d
020 ^^ ^a9786168322123
060 ^^ ^aWP100^bน263^cล.2
245 ^^ ^aนรีเวชวิทยาคลินิก เล่ม 2
246 ^^ ^aClinical Gynecology
260 ^^ ^aกรุงเทพฯ : ^bกลุ่มงานสูตินรีเวชศาสตร์ โรงพยาบาลราชวิถี,^c2566
300 ^^ ^a592 หน้า : ^bภาพประกอบ
650 ^^ ^aนรีเวชวิทยา
650 ^^ ^aโรคทางนรีเวช
945    ^p500^l0^i010752
945    ^p500^l0^i010753
945    ^p500^l0^i010754
945    ^p500^l0^i010755
945    ^p500^l0^i010756
999    ^aประนอม เกษจรัล
รายการนี้ยังไม่มีแท็ก
คุณยังไม่ได้ล็อกอิน คุณสามารถมีกิจกรรมร่วมกับเว็บไซต์ได้ แต่ต้องล็อกอินก่อน ::
  ล็อกอิน

รายการสื่อสารสนเทศ

ลำดับที่ ประเภท เลขเรียก/บาร์โค้ด สถานที่ สถานะ
1. วิทยาศาสตร์การแพทย์ และสุขภาพ
หนังสือสำรอง
สถานะ=หนังสือสำรอง
WP100 น263 ล.2 ฉ.1 
  Barcode: 010752
ห้องสมุดวิทยาเขตสวรรค์ประชารักษ์
►หนังสือทั่วไป
บนชั้น
2. วิทยาศาสตร์การแพทย์ และสุขภาพ
วิทยาศาสตร์การแพทย์ และสุขภาพ
WP100 น263 ล.2 ฉ.2 
  Barcode: 010753
ห้องสมุดวิทยาเขตสวรรค์ประชารักษ์
►หนังสือทั่วไป
บนชั้น
3. วิทยาศาสตร์การแพทย์ และสุขภาพ
วิทยาศาสตร์การแพทย์ และสุขภาพ
WP100 น263 ล.2 ฉ.3 
  Barcode: 010754
ห้องสมุดวิทยาเขตสวรรค์ประชารักษ์
►หนังสือทั่วไป
บนชั้น
4. วิทยาศาสตร์การแพทย์ และสุขภาพ
วิทยาศาสตร์การแพทย์ และสุขภาพ
WP100 น263 ล.2 ฉ.4 
  Barcode: 010755
ห้องสมุดวิทยาเขตสวรรค์ประชารักษ์
►หนังสือทั่วไป
บนชั้น
5. วิทยาศาสตร์การแพทย์ และสุขภาพ
วิทยาศาสตร์การแพทย์ และสุขภาพ
WP100 น263 ล.2 ฉ.5 
  Barcode: 010756
ห้องสมุดวิทยาเขตสวรรค์ประชารักษ์
►หนังสือทั่วไป
บนชั้น

รายการใกล้เคียง
    หัวเรื่อง [นรีเวชวิทยา]
    หัวเรื่อง [โรคทางนรีเวช]

BibComment


ยังไม่เคยถูกคอมเมนท์

คอมเมนท์ทรัพยากรรายการนี้
  คอมเมนท์: นรีเวชวิทยาคลินิ..


 Copyright 2026. Bcnsprnw @Library